00414nam a2200181Ia 4500003000400000005001700004008004100021020001400062040000700076041000800083082001900091100002700110245002900137250000600166260002900172300001800201365001300219OSt20230403095544.0210423s2005 xx 000 0 und d a170122670 cAL aeng a658.8 SUMJ223 aSUMMERS (Jane);others. aEssentials of marketing. a2 aAustraliabThomsonc2005 axviii,541bPB b595cINR